| 000 | 01342nam0a2200325 4500 | ||
|---|---|---|---|
| 001 | RU\NLR\BIBL_A\022185728 | ||
| 005 | 20240412163428.0 | ||
| 010 |
_a978-5-907725-53-9 _9500 |
||
| 021 |
_aRU _bКН-П-24-011617 _9КН-П-24-1209 |
||
| 035 | _a(NLR Aleph) 022185728 | ||
| 090 |
_a12996822 _c12996822 |
||
| 100 | _a20240402d2023 k y0rusy50 ca | ||
| 101 | 0 | _arus | |
| 102 | _aRU | ||
| 105 | _aa z 000yy | ||
| 181 | 0 |
_ai _baxxe |
|
| 182 | 0 | _an | |
| 200 | 1 |
_aАнализ конкурентных преимуществ агропромышленного комплекса региона _eмонография _fР. Е. Шокумова |
|
| 203 |
_aТекст _bвизуальный _cнепосредственный |
||
| 210 |
_aНальчик _cПринт Центр _d2023 |
||
| 215 |
_a163 с. _cил., табл. _d21 |
||
| 320 | _aБиблиогр.: с. 147 -157 (88 назв.) | ||
| 606 | 1 |
_aАгропромышленные комплексы _xКонкурентоспособность _yРоссийская Федерация _2nlr_sh2 _3RU\NLR\AUTH\661532220 |
|
| 686 | 1 | _aУ32(2)-434(2Р-6К) | |
| 686 | 1 | _aУ32(2)-13(2Р-6К) | |
| 700 | 1 |
_aШокумова _bР. Е. _gРамета Езидовна |
|
| 942 | _cBOOK | ||
| 980 | _aNB | ||